LEADER 00991nam0-22003131i-450- 001 990006976080403321 005 20011016 035 $a000697608 035 $aFED01000697608 035 $a(Aleph)000697608FED01 035 $a000697608 100 $a20011016d1958----km-y0itay50------ba 101 0 $eeng 102 $aUS 105 $ay---m---001yy 200 1 $a<>Matrimonial impediment of impotence$eocclusion of spermatic ducts and vaginismus$ea historical synopsis and a commentary$fPeter Louis Frattin 210 $aWashington$cThe Catholic University of America Press$d1958 215 $aX, 117 p.$d24 cm 225 1 $aCanon law studies$v381 328 $aDissertation 676 $a616.692$v20$zita 700 1$aFrattin,$bPeter Louis$0256705 801 0$aIT$bUNINA$gRICA$2UNIMARC 901 $aBK 912 $a990006976080403321 952 $aDISSERTAZIONE 3 (381)$b57287$fFGBC 959 $aFGBC 996 $aMatrimonial impediment of impotence$9700452 997 $aUNINA LEADER 03301nam 2200637Ia 450 001 9910450108303321 005 20200520144314.0 010 $a1-280-14136-0 010 $a9786610141364 010 $a1-4175-7775-4 010 $a92-4-068014-4 035 $a(CKB)1000000000033193 035 $a(EBL)284680 035 $a(OCoLC)476034936 035 $a(SSID)ssj0000115631 035 $a(PQKBManifestationID)11128532 035 $a(PQKBTitleCode)TC0000115631 035 $a(PQKBWorkID)10026832 035 $a(PQKB)11311106 035 $a(MiAaPQ)EBC284680 035 $a(Au-PeEL)EBL284680 035 $a(CaPaEBR)ebr10076782 035 $a(CaONFJC)MIL14136 035 $a(EXLCZ)991000000000033193 100 $a20050110d2004 uf 0 101 0 $aeng 135 $aur|n|---||||| 181 $ctxt 182 $cc 183 $acr 200 00$aBuilding blocks for tobacco control$b[electronic resource] $ea handbook 210 $aGeneva, Switzerland $cWorld Health Organization$dc2004 215 $a1 online resource (320 p.) 225 1 $aTools for advancing tobacco control in the 21st century 300 $aEditors and primary contributors: Vera Luiza daCosta e Silva, Annette David--P. ix. 311 $a92-4-154658-1 320 $aIncludes bibliographical references. 327 $aPreliminaries; Contents; 1. Tobacco as a risk factor health social and economic costs; 2. The tobacco industry; 3. Tobacco control interventions: the scientific evidence; 4. The WHO Framework Convention on Tobacco Control; 5. Developing a national plan of action; 6. Establishing effective infrastructure for national tobacco control programme; 7. Training and education; 8. Communication and public awareness to build critical mass; 9. Working with the media; 10. Programming selected tobacco control activities; 11. Legislative and regulatory measures 327 $a12. Exploring economic measures and funding initiatives13. Countering the tobacco industry; 14. Forming effective partnerships; 15. Monitoring, surveillance, evaluation and reporting; 16. Research and exchange of information 330 $aThis publication aims to provide practical guidance to all those involved in the management of blood programmes. Following an introduction to the blood cold chain management process, seven chapters provide a detailed description of blood bank refrigerators, plasma freezers, platelet agitators, plasma thawing equipment, blood transport boxes and coolants, temperature monitoring devices, as well as other blood cold chain accessories. Each chapter provides WHO minimum performance specifications for the equipment, and selected product information on equipment evaluated by WHO. A specific chapter i 410 0$aTools for advancing tobacco control in XXIst century. 606 $aSmoking$xPrevention 606 $aTobacco use$xPrevention 608 $aElectronic books. 615 0$aSmoking$xPrevention. 615 0$aTobacco use$xPrevention. 676 $a362.29/6 701 $aDavid$b Annette$0962113 701 $aSilva$b Vera da Costa e$0962114 801 0$bMiAaPQ 801 1$bMiAaPQ 801 2$bMiAaPQ 906 $aBOOK 912 $a9910450108303321 996 $aBuilding blocks for tobacco control$92181380 997 $aUNINA